=LDR 00000nam 2200000 4500 =001 NUTBA000000000002112 =005 20140604084520.0 =006 =007 =008 =020 ##$$a 978-979-1276-69-6 =035 ##$$a 0010-061400000000055 =040 ##$$a NBPDMAT =082 ##$$a 745.5 =090 ##$$a 745.5 $b Bag m =100 ##$$a Bagas Shinugi =245 ##$$a Memanfaatkan aneka kertas / $c Bagas Shinugi =250 ##$$a Cet.3 =260 ##$$a Jakarta : $b Mediantara Semesta, $c 2011 =300 ##$$a 52 hlm. : $b ilus. ; $c 25 cm. =500 ##$$a Bibliografi : hlm. 52 =650 ##$$a Kerajinan Tangan - Kertas =850 ##$$a NBPDMAT =990 ##$$a 21400297